000 00673nas a2200229 4500
001 BR9207096
003 BR-BrBNA
005 20231205100455.0
007 ta
008 230509b bl.|||p| |||| 00| 00por d
040 _aBR-BrBNA
_bpor
_cBiblioteca Nacional de Agricultura
041 _a(Pt)
072 _aL74
100 1 _aAnon.
245 1 _aComo os fatores de tensao (stress)podem atuar sobre as poedeiras
650 _aGalinha para Postura
650 _aDisturbio Fisiologico
650 _aStress
773 0 _tAves e Ovos (Brazil)
_xISSN 0005-2000
_g(May-Jun 1966), v. 1(2) p. 27
_wBR9207096
909 _a202311
_bLúcia
_c55
_dLúcia Elande
942 _2AGRIS
_n0
_cANA
999 _c156232
_d156232